<?xml version="1.0" encoding="UTF-8"?>
<collection xmlns="http://www.loc.gov/MARC21/slim">
 <record>
  <leader>03749cam a2200529   4500</leader>
  <controlfield tag="001">1076491952</controlfield>
  <controlfield tag="003">DE-627</controlfield>
  <controlfield tag="005">20220429151712.0</controlfield>
  <controlfield tag="007">tu</controlfield>
  <controlfield tag="008">850101s1950    xx |||||      00| ||ger c</controlfield>
  <datafield tag="035" ind1=" " ind2=" ">
   <subfield code="a">(DE-627)1076491952</subfield>
  </datafield>
  <datafield tag="035" ind1=" " ind2=" ">
   <subfield code="a">(DE-576)006491952</subfield>
  </datafield>
  <datafield tag="035" ind1=" " ind2=" ">
   <subfield code="a">(DE-599)BSZ006491952</subfield>
  </datafield>
  <datafield tag="035" ind1=" " ind2=" ">
   <subfield code="a">(OCoLC)310474144</subfield>
  </datafield>
  <datafield tag="035" ind1=" " ind2=" ">
   <subfield code="a">(DE-604)805051461x</subfield>
  </datafield>
  <datafield tag="040" ind1=" " ind2=" ">
   <subfield code="a">DE-627</subfield>
   <subfield code="b">ger</subfield>
   <subfield code="c">DE-627</subfield>
   <subfield code="e">rakwb</subfield>
  </datafield>
  <datafield tag="041" ind1=" " ind2=" ">
   <subfield code="a">ger</subfield>
  </datafield>
  <datafield tag="084" ind1=" " ind2=" ">
   <subfield code="a">NF 1205</subfield>
   <subfield code="2">rvk</subfield>
   <subfield code="0">(DE-625)rvk/125211:1187</subfield>
  </datafield>
  <datafield tag="084" ind1=" " ind2=" ">
   <subfield code="a">NK 8200</subfield>
   <subfield code="2">rvk</subfield>
   <subfield code="0">(DE-625)rvk/126249:</subfield>
  </datafield>
  <datafield tag="084" ind1=" " ind2=" ">
   <subfield code="a">NF 1063</subfield>
   <subfield code="2">rvk</subfield>
   <subfield code="0">(DE-625)rvk/125188:</subfield>
  </datafield>
  <datafield tag="084" ind1=" " ind2=" ">
   <subfield code="a">15.19</subfield>
   <subfield code="2">bkl</subfield>
  </datafield>
  <datafield tag="084" ind1=" " ind2=" ">
   <subfield code="a">15.19</subfield>
   <subfield code="2">bkl</subfield>
  </datafield>
  <datafield tag="245" ind1="1" ind2="0">
   <subfield code="a">Reinecke-Festschrift</subfield>
   <subfield code="b">zum 75. Geburtstag von Paul Reinecke am 25. Sept. 1947</subfield>
   <subfield code="c">hrsg. von Gustav Behrens ...</subfield>
  </datafield>
  <datafield tag="264" ind1=" " ind2="1">
   <subfield code="a">Mainz</subfield>
   <subfield code="b">Schneider</subfield>
   <subfield code="c">1950</subfield>
  </datafield>
  <datafield tag="300" ind1=" " ind2=" ">
   <subfield code="a">VII, 180, 43 S.</subfield>
   <subfield code="b">Ill., graph. Darst.</subfield>
  </datafield>
  <datafield tag="336" ind1=" " ind2=" ">
   <subfield code="a">Text</subfield>
   <subfield code="b">txt</subfield>
   <subfield code="2">rdacontent</subfield>
  </datafield>
  <datafield tag="337" ind1=" " ind2=" ">
   <subfield code="a">ohne Hilfsmittel zu benutzen</subfield>
   <subfield code="b">n</subfield>
   <subfield code="2">rdamedia</subfield>
  </datafield>
  <datafield tag="338" ind1=" " ind2=" ">
   <subfield code="a">Band</subfield>
   <subfield code="b">nc</subfield>
   <subfield code="2">rdacarrier</subfield>
  </datafield>
  <datafield tag="500" ind1=" " ind2=" ">
   <subfield code="a">Festschrift Paul Reinecke</subfield>
  </datafield>
  <datafield tag="655" ind1=" " ind2="7">
   <subfield code="a">Festschrift</subfield>
   <subfield code="0">(DE-588)4016928-5</subfield>
   <subfield code="0">(DE-627)104400986</subfield>
   <subfield code="0">(DE-576)208917802</subfield>
   <subfield code="2">gnd-content</subfield>
  </datafield>
  <datafield tag="689" ind1="0" ind2="0">
   <subfield code="d">p</subfield>
   <subfield code="0">(DE-588)118788221</subfield>
   <subfield code="0">(DE-627)079564593</subfield>
   <subfield code="0">(DE-576)209459875</subfield>
   <subfield code="a">Reinecke, Paul</subfield>
   <subfield code="d">1872-1958</subfield>
   <subfield code="2">gnd</subfield>
  </datafield>
  <datafield tag="689" ind1="0" ind2=" ">
   <subfield code="5">(DE-627)</subfield>
  </datafield>
  <datafield tag="700" ind1="1" ind2=" ">
   <subfield code="a">Behrens, Gustav</subfield>
   <subfield code="d">1884-1955</subfield>
   <subfield code="e">Hrsg.</subfield>
   <subfield code="0">(DE-588)116111216</subfield>
   <subfield code="0">(DE-627)077635612</subfield>
   <subfield code="0">(DE-576)290278309</subfield>
   <subfield code="4">edt</subfield>
  </datafield>
  <datafield tag="700" ind1="1" ind2=" ">
   <subfield code="a">Reinecke, Paul</subfield>
   <subfield code="d">1872-1958</subfield>
   <subfield code="e">GefeierteR</subfield>
   <subfield code="0">(DE-588)118788221</subfield>
   <subfield code="0">(DE-627)079564593</subfield>
   <subfield code="0">(DE-576)209459875</subfield>
   <subfield code="4">hnr</subfield>
  </datafield>
  <datafield tag="787" ind1="0" ind2="8">
   <subfield code="i">Rezension</subfield>
   <subfield code="a">Böhner, Kurt, 1914 - 2007</subfield>
   <subfield code="t">[Rezension von: Reinecke-Festschrift zum 75. Geburtstag von Paul Reinecke am 25. September 1947]</subfield>
   <subfield code="d">1951</subfield>
   <subfield code="w">(DE-627)1741090970</subfield>
  </datafield>
  <datafield tag="787" ind1="0" ind2="8">
   <subfield code="i">Rezension</subfield>
   <subfield code="a">Kimmig, Wolfgang, 1910 - 2001</subfield>
   <subfield code="t">[Rezension von: Behrens, Gustav (Hrsg.), Reinecke-Festschrift. Zum 75. Geburtstag von Paul Reinecke am 25. September 1947 - Kirchner, Horst (Hrsg.), Ur- und Frühgeschichte als historische Wissenschaft. Festschrift zum 60. Geburtstag von Ernst Wahle]</subfield>
   <subfield code="d"> Freiburg, Br. : Badisches Landesamt für Ur- u. Frühgeschichte, 1950</subfield>
   <subfield code="w">(DE-627)1576418464</subfield>
   <subfield code="w">(DE-576)506418464</subfield>
  </datafield>
  <datafield tag="787" ind1="0" ind2="8">
   <subfield code="i">Rezension</subfield>
   <subfield code="a">Nierhaus, Rolf, 1911 - 1996</subfield>
   <subfield code="t">Reinecke - Festschrift</subfield>
   <subfield code="d">1951</subfield>
   <subfield code="w">(DE-627)1388778939</subfield>
   <subfield code="w">(DE-576)318778939</subfield>
  </datafield>
  <datafield tag="856" ind1="4" ind2="2">
   <subfield code="u">https://swbplus.bsz-bw.de/bsz006491952inh.htm</subfield>
   <subfield code="m">V:DE-576</subfield>
   <subfield code="q">application/pdf</subfield>
   <subfield code="3">Inhaltsverzeichnis</subfield>
  </datafield>
  <datafield tag="936" ind1="r" ind2="v">
   <subfield code="a">NF 1205</subfield>
   <subfield code="b">Einzelbeiträge</subfield>
   <subfield code="k">Geschichte</subfield>
   <subfield code="k">Ur- und Frühgeschichte / Prähistorische Archäologie</subfield>
   <subfield code="k">Allgemeine und europäische Ur- und Frühgeschichte nach Epochen</subfield>
   <subfield code="k">Zeitlich übergreifende Darstellungen</subfield>
   <subfield code="k">Gesamtzeitraum</subfield>
   <subfield code="k">Einzelbeiträge</subfield>
   <subfield code="0">(DE-627)127184916X</subfield>
   <subfield code="0">(DE-625)rvk/125211:1187</subfield>
   <subfield code="0">(DE-576)20184916X</subfield>
  </datafield>
  <datafield tag="936" ind1="r" ind2="v">
   <subfield code="a">NK 8200</subfield>
   <subfield code="b">Historiker-Festschriften und Aufsatzsammlungen von Historikern, Allgemeines</subfield>
   <subfield code="k">Geschichte</subfield>
   <subfield code="k">Weltgeschichte, Darstellungen Allgemeine Geschichte einzelner Staaten und Völker Teilgebiete der Geschichte, Sammelwerke</subfield>
   <subfield code="k">Allgemeine Sammelwerke und Sammelbiografien</subfield>
   <subfield code="k">Historiker-Festschriften und Aufsatzsammlungen von Historikern</subfield>
   <subfield code="k">Historiker-Festschriften und Aufsatzsammlungen von Historikern, Allgemeines</subfield>
   <subfield code="0">(DE-627)1270875841</subfield>
   <subfield code="0">(DE-625)rvk/126249:</subfield>
   <subfield code="0">(DE-576)200875841</subfield>
  </datafield>
  <datafield tag="936" ind1="r" ind2="v">
   <subfield code="a">NF 1063</subfield>
   <subfield code="b">Festschriften</subfield>
   <subfield code="k">Geschichte</subfield>
   <subfield code="k">Ur- und Frühgeschichte / Prähistorische Archäologie</subfield>
   <subfield code="k">Allgemeines</subfield>
   <subfield code="k">Festschriften</subfield>
   <subfield code="0">(DE-627)1392980895</subfield>
   <subfield code="0">(DE-625)rvk/125188:</subfield>
   <subfield code="0">(DE-576)322980895</subfield>
  </datafield>
  <datafield tag="936" ind1="b" ind2="k">
   <subfield code="a">15.19</subfield>
   <subfield code="j">Vor- und Frühgeschichte</subfield>
   <subfield code="q">coli-conc RVK-&gt;BK</subfield>
   <subfield code="q">https://coli-conc.gbv.de/api/mappings/75cc445c-571d-40a5-a765-030d7671b9ad</subfield>
   <subfield code="0">(DE-627)10640329X</subfield>
  </datafield>
  <datafield tag="936" ind1="b" ind2="k">
   <subfield code="a">15.19</subfield>
   <subfield code="j">Vor- und Frühgeschichte</subfield>
   <subfield code="q">coli-conc RVK-&gt;BK</subfield>
   <subfield code="q">https://coli-conc.gbv.de/api/mappings/86628ea8-ce7c-4261-a534-79c6ddd79ae8</subfield>
   <subfield code="0">(DE-627)10640329X</subfield>
  </datafield>
  <datafield tag="951" ind1=" " ind2=" ">
   <subfield code="a">BO</subfield>
  </datafield>
  <datafield tag="990" ind1=" " ind2=" ">
   <subfield code="a">Reinecke, Paul</subfield>
  </datafield>
  <datafield tag="991" ind1=" " ind2=" ">
   <subfield code="a">Rezensiertes Werk</subfield>
  </datafield>
  <datafield tag="999" ind1=" " ind2=" ">
   <subfield code="a">KXP-PPN1076491952</subfield>
   <subfield code="e">455229816X</subfield>
  </datafield>
 </record>
</collection>
